ბათუმის შოთა რუსთაველის სახელმწიფო უნივერსიტეტის ბიბლიოთეკა

კრებული-1980:ლირიკა-1979-1980 (ბიბ.ჩანაწერი № 42411)

000 -LEADER
fixed length control field 00820nam a2200229Ia 4500
001 - CONTROL NUMBER
control field 9107
003 - CONTROL NUMBER IDENTIFIER
control field GE_BSU
008 - FIXED-LENGTH DATA ELEMENTS--GENERAL INFORMATION
fixed length control field 181216s||||||||xx |||||||||||||| ||und||
040 ## - CATALOGING SOURCE
Transcribing agency GE_BSU
080 ## - UNIVERSAL DECIMAL CLASSIFICATION NUMBER
Universal Decimal Classification number 821.353.1-1
100 ## - MAIN ENTRY--PERSONAL NAME
Personal name ლებანიძე,მურმან
245 ## - TITLE STATEMENT
Title კრებული-1980:ლირიკა-1979-1980
245 ## - TITLE STATEMENT
Remainder of title ლირიკა ძველი რვეულიდან
245 ## - TITLE STATEMENT
Statement of responsibility, etc. რედ.ტაგუ მებურიშვილი,ავტორის ფოტო გიორგი გიორგაძისა
260 ## - PUBLICATION, DISTRIBUTION, ETC.
Place of publication, distribution, etc. თბილისი
260 ## - PUBLICATION, DISTRIBUTION, ETC.
Name of publisher, distributor, etc. მერანი
260 ## - PUBLICATION, DISTRIBUTION, ETC.
Date of publication, distribution, etc. 1980
300 ## - PHYSICAL DESCRIPTION
Extent 223გვ.14სმ.
300 ## - PHYSICAL DESCRIPTION
Accompanying material პორტრეტი გარეკანზე
653 ## - INDEX TERM--UNCONTROLLED
Uncontrolled term კრებული
942 ## - ADDED ENTRY ELEMENTS (KOHA)
Koha item type წიგნი
ეგზემპლარები
Withdrawn status Lost status Damaged status Not for loan Date acquired Barcode Date last seen Price effective from Koha item type
        2018-12-17 31764 2018-12-17 2018-12-17 წიგნი
        2018-12-17 31765 2018-12-17 2018-12-17 წიგნი